Nguyễn Tuân toàn tập T.1 : tác phẩm từ 1932-1940 /
Bộ sách gồm 5 tập: bài giới thiệu, niên biểu và các sáng tác của ông từ 1932-1940; các sáng tác từ 1940-1945; các sáng tác từ 1945-1956; các sáng tác từ 1957-1975; các sáng tác từ 1976-1984 và những bài viết về văn hoá nghệ thuật
Sparad:
| Övriga upphovsmän: | |
|---|---|
| Materialtyp: | Bok |
| Språk: | Vietnamese |
| Publicerad: |
Hà Nội :
Văn học,
2000.
|
| Ämnen: | |
| Taggar: |
Lägg till en tagg
Inga taggar, Lägg till första taggen!
|
| Thư viện lưu trữ: | Mạng thư viện Đại học Đà Nẵng |
|---|
| LEADER | 01372cam a2200373 i 4500 | ||
|---|---|---|---|
| 001 | 000046887 | ||
| 003 | 6396 | ||
| 005 | 20031231162936.0 | ||
| 008 | 010306b2000 vm 000 vie | ||
| 020 | |c 110000 | ||
| 022 | |a T | ||
| 040 | |a IRC |c IRC |d IRC | ||
| 041 | 0 | |a vie | |
| 082 | 1 | 4 | |a 895.9233 |b Ng-T |
| 245 | 0 | 0 | |a Nguyễn Tuân toàn tập |n T.1 : |p tác phẩm từ 1932-1940 / |c Nguyễn Đăng Mạnh biên soạn và giới thiệu. |
| 260 | |a Hà Nội : |b Văn học, |c 2000. | ||
| 300 | |a 1043tr. ; |c 20,5cm. | ||
| 520 | 3 | |a Bộ sách gồm 5 tập: bài giới thiệu, niên biểu và các sáng tác của ông từ 1932-1940; các sáng tác từ 1940-1945; các sáng tác từ 1945-1956; các sáng tác từ 1957-1975; các sáng tác từ 1976-1984 và những bài viết về văn hoá nghệ thuật | |
| 600 | 1 | 5 | |a Nguyễn Tuân, |d 1910-1987 |x Tác phẩm |y 1932-1940. |
| 630 | 0 | 4 | |a Văn học Việt. |
| 630 | 0 | 4 | |a Nguyễn Tuân. |
| 650 | 0 | 4 | |a Văn học Việt. |
| 650 | 0 | 4 | |a Nguyễn Tuân, |d 1910-1987 |x Tác phẩm |y 1932-1940. |
| 700 | 1 | |a Nguyễn Đăng Mạnh, |e biên soạn và giới thiệu. | |
| OWN | |a DUT | ||
| 999 | |a From the UDN01 | ||
| TYP | |a Monograph | ||
| TYP | |a Printed language | ||
| 980 | |a Mạng thư viện Đại học Đà Nẵng | ||